Japan machine tool industry 1978

Uloženo v:
Podrobná bibliografie
Korporativní autor: Japan Machine Tool Trade Association
Médium: Kniha
Jazyk:Undetermined
Vydáno: Tokyo Japan Machine Tool Trade Association 1978
Témata:
Tagy: Přidat tag
Žádné tagy, Buďte první, kdo otaguje tento záznam!
Thư viện lưu trữ: Trung tâm Học liệu Trường Đại học Cần Thơ
LEADER 00557nam a2200193Ia 4500
001 CTU_96438
008 210402s9999 xx 000 0 und d
082 |a 330.09 
082 |b J35 
110 |a Japan Machine Tool Trade Association 
245 0 |a Japan machine tool industry 1978 
245 0 |c Japan Machine Tool Trade Association 
260 |a Tokyo 
260 |b Japan Machine Tool Trade Association 
260 |c 1978 
650 |a Machinery industry 
650 |z Japan 
904 |i Giang 
980 |a Trung tâm Học liệu Trường Đại học Cần Thơ